Síntesis y funcionalización de óxido de grafeno para su uso como adsorbente de arsénico en agua
Presenta un estudio de dos nanomateriales de óxido de grafeno con el objetivo de evaluar el efecto del ph en la remoción de especies acuosas de arsénico. La concentración remanente de arsénico de las soluciones fue analizada a través de espectroscopia de emisión atómica de plasma acoplado in...
| Main Author: | |
|---|---|
| Other Authors: | |
| Format: | Tesis Section = Libro |
| Language: | Undetermined Spanish |
| Published: |
Managua
UNI
2019
|
| Subjects: |
| LEADER | 01108nam a2200253Ia 4500 | ||
|---|---|---|---|
| 008 | 240830s9999 xx 000 0 und d | ||
| 040 | |a CEDOC DACA-RUSB / Mon 628.162 T275 | ||
| 041 | |a spa | ||
| 082 | |a Mon 628.162 T275 | ||
| 100 | 1 | |a Téllez Osorio, Kelly Valeria | |
| 245 | 1 | 0 | |a Síntesis y funcionalización de óxido de grafeno para su uso como adsorbente de arsénico en agua |
| 260 | |a Managua |b UNI |c 2019 | ||
| 300 | |a 51 p.:il. | ||
| 500 | |a Contiene: anexos y CD. | ||
| 502 | |a Tesis (Ingeniero Químico) -UNI, 2019. | ||
| 520 | 3 | |a Presenta un estudio de dos nanomateriales de óxido de grafeno con el objetivo de evaluar el efecto del ph en la remoción de especies acuosas de arsénico. La concentración remanente de arsénico de las soluciones fue analizada a través de espectroscopia de emisión atómica de plasma acoplado inductivamente. | |
| 650 | 7 | |a AGUA POTABLE | |
| 650 | 7 | |b OXIDO GRAFENO | |
| 650 | 7 | |c METODO DE ADSORCION | |
| 650 | 7 | |d CONTAMINACION AMBIENTAL- ARSENICO | |
| 700 | 1 | |a Tutor: |b López Honorato, Eddie | |
| 942 | |c BK |2 ddc | ||
| 991 | |a TESIS | ||
| 999 | |c 25990 | ||